La poesie du passe: de Philippe de Thaun a Cyrano de Bergerac
Guardat en:
| Autor principal: | |
|---|---|
| Format: | Llibre |
| Idioma: | francès |
| Publicat: |
París
Editions Seghers
1960
|
| Matèries: | |
| Etiquetes: |
Afegir etiqueta
Sense etiquetes, Sigues el primer a etiquetar aquest registre!
|
MARC
| LEADER | 00000nam a2200000 a 4500 | ||
|---|---|---|---|
| 001 | UCY7193 | ||
| 003 | CL-VaPUC | ||
| 008 | 950609e19600000FR |||||||||||||||||fre|d | ||
| 082 | 0 | 4 | |a 841 |b ELU |2 21 |
| 100 | 0 | |a Eluard, Paul |e author |9 332714 | |
| 245 | 1 | 3 | |a La poesie du passe: de Philippe de Thaun a Cyrano de Bergerac |
| 300 | |a 661 p | ||
| 942 | |c BK | ||
| 945 | |d 19950609 00:00:00 |a rbrito | ||
| 260 | |a París |b Editions Seghers |c 1960 | ||
| 650 | 0 | |a Poesías francesas |9 265467 | |
| 583 | |a last modification |c 19950609 00:00:00 |k Rodrigo Vera | ||
| 999 | |c 234622 |d 234620 | ||
| 952 | |0 0 |1 0 |4 0 |6 841_000000000000000_ELU_1960 |7 0 |8 A |9 241174 |a BIBART |b BIBART |d 2019-11-18 |i 2006499 |o 841 ELU 1960 |p 2006499 |r 2025-03-13 |w 2019-11-18 |y BK |k ART | ||